[Event "Harrogate 4NCL op-B 29th"]
[Site "Harrogate"]
[Date "2023.01.21"]
[Round "2"]
[White "Connor, Michael"]
[Black "McDonnell, James J"]
[Result "1/2-1/2"]
[WhiteElo "1760"]
[BlackElo "1902"]
[PlyCount "72"]
[EventDate "2023.01.20"]
[EventType "swiss"]
[EventRounds "5"]
[EventCountry "ENG"]
[SourceTitle "CBM 212 Extra"]
[Source "ChessBase"]
[SourceDate "2023.03.31"]
[SourceVersion "1"]
[SourceVersionDate "2023.03.31"]
[SourceQuality "1"]

1. d4 d5 2. c4 c6 3. g3 g6 4. Bg2 Bg7 5. Nf3 Nf6 6. 0-0 0-0 7. h3 e6 8. Qc2 Re8 9. Rd1 Nbd7 10. Bf4 Nh5 11. Bd2 Nhf6 12. Na3 Ne4 13. e3 Nxd2 14. Rxd2 Qa5 15. Rc1 Bf8 16. Rd3 Nf6 17. Nd2 Qd8 18. e4 dxe4 19. Nxe4 Nxe4 20. Bxe4 Bg7 21. Rcd1 Qa5 22. c5 Bf8 23. Nc4 Qc7 24. f4 Bd7 25. Ne5 Rad8 26. b4 Bc8 27. Qg2 Bg7 28. Nc4 Bf8 29. a4 a6 30. Nb6 Bg7 31. Nxc8 Rxc8 32. b5 Red8 33. Qb2 Qa5 34. Qb3 Rd7 35. b6 Rcd8 36. Qc4 Kf8 1/2-1/2

[Event "BCF-chT3N 1920 (4NCL)"]
[Site "England"]
[Date "2020.02.09"]
[Round "6.36"]
[White "Connor, Michael"]
[Black "Sheppard, Daniel C"]
[Result "1-0"]
[WhiteElo "1802"]
[BlackElo "1862"]
[PlyCount "65"]
[EventDate "2019.11.09"]
[EventType "team-swiss"]
[EventRounds "11"]
[EventCountry "ENG"]
[SourceTitle "EXT 2022"]
[Source "ChessBase"]
[SourceDate "2021.10.06"]
[SourceVersion "1"]
[SourceVersionDate "2021.10.06"]
[SourceQuality "1"]
[WhiteTeam "J'Adoube II"]
[BlackTeam "3C's II"]
[WhiteTeamCountry "ENG"]
[BlackTeamCountry "ENG"]

1. d4 g6 2. c4 Bg7 3. g3 d6 4. Bg2 Nc6 5. Nf3 e5 6. d5 Nb8 7. Nc3 f5 8. e4 h6 9. 0-0 Ne7 10. Re1 0-0 11. Qc2 Nd7 12. Be3 Nf6 13. exf5 gxf5 14. Rad1 Ng6 15. c5 a6 16. cxd6 Qxd6 17. Nd2 Ne8 18. Nc4 Qb4 19. b3 f4 20. Bc1 e4 21. Nxe4 fxg3 22. hxg3 Qb5 23. a4 Qd7 24. Nc5 Qg4 25. Ne6 Rf7 26. Ne3 Qh5 27. g4 Qh4 28. Qxg6 Qxf2+ 29. Kh2 Qh4+ 30. Bh3 Rf3 31. Qxe8+ Kh7 32. Ng5+ Qxg5 33. Qe4+ 1-0

[Event "BCF-chT3N 1920 (4NCL)"]
[Site "England"]
[Date "2019.11.10"]
[Round "2.24"]
[White "Bak, Andrew"]
[Black "Connor, Michael"]
[Result "1-0"]
[WhiteElo "1980"]
[BlackElo "1802"]
[PlyCount "75"]
[EventDate "2019.11.09"]
[EventType "team-swiss"]
[EventRounds "11"]
[EventCountry "ENG"]
[SourceTitle "EXT 2022"]
[Source "ChessBase"]
[SourceDate "2021.10.06"]
[SourceVersion "1"]
[SourceVersionDate "2021.10.06"]
[SourceQuality "1"]
[WhiteTeam "Bradford DCA Knights"]
[BlackTeam "J'Adoube II"]
[WhiteTeamCountry "ENG"]
[BlackTeamCountry "ENG"]

1. e4 Nf6 2. Nc3 d5 3. e5 Nfd7 4. d4 c5 5. dxc5 e6 6. Nf3 Bxc5 7. Bd3 h6 8. 0-0 0-0 9. Bf4 Nc6 10. Qd2 Re8 11. Rae1 Nf8 12. Ne2 f5 13. h4 Qe7 14. Bg3 Bd7 15. h5 Rec8 16. Nf4 Be8 17. Bxf5 exf5 18. Qxd5+ Kh8 19. Bh4 Bxf2+ 20. Rxf2 Qb4 21. Nd3 Qg4 22. e6 Bxh5 23. Nde5 Nxe5 24. Rxe5 Bg6 25. e7 Nh7 26. Rd2 Qa4 27. Nd4 Nf6 28. Bxf6 gxf6 29. Rxf5 Qc4 30. Qd6 Bxf5 31. Qxf6+ Kh7 32. Qxf5+ Kh8 33. Qf6+ Kh7 34. Nf5 Qg4 35. Qxh6+ Kg8 36. Qe6+ Kh7 37. Qf7+ Kh8 38. Rd4 1-0

[Event "BCF-chT3 1112 (4NCL)"]
[Site "England"]
[Date "2012.05.07"]
[Round "11.209"]
[White "Irving, Alastair"]
[Black "Connor, Michael"]
[Result "0-1"]
[WhiteElo "2096"]
[BlackElo "1692"]
[PlyCount "106"]
[EventDate "2011.11.12"]
[EventType "team-swiss"]
[EventRounds "11"]
[EventCountry "ENG"]
[SourceTitle "EXT 2013"]
[Source "ChessBase"]
[SourceDate "2012.11.22"]
[SourceVersion "1"]
[SourceVersionDate "2012.11.22"]
[SourceQuality "1"]
[WhiteTeam "Oxford III"]
[BlackTeam "Manchester Manticores"]
[WhiteTeamCountry "ENG"]
[BlackTeamCountry "ENG"]

1. e4 Nf6 2. e5 Nd5 3. c4 Nb6 4. d4 d6 5. f4 dxe5 6. fxe5 c5 7. d5 e6 8. Nc3 exd5 9. cxd5 c4 10. Nf3 Bb4 11. d6 Be6 12. Bd2 Bxc3 13. Bxc3 Nc6 14. Be2 0-0 15. 0-0 Nd7 16. Re1 b5 17. Nd4 Qb6 18. Bf3 Ndxe5 19. Bxc6 Nxc6 20. Kh1 Nxd4 21. Qxd4 Qxd4 22. Bxd4 Rfd8 23. Be5 Rac8 24. Red1 Rc5 25. Bg3 a6 26. Rd2 Rd7 27. Kg1 g5 28. Re1 Kg7 29. Be5+ Kg6 30. Rf2 Bf5 31. Bg3 Rd5 32. Re7 Rd1+ 33. Rf1 Rxf1+ 34. Kxf1 h5 35. Rxd7 Bxd7 36. Ke2 Kf5 37. Ke3 h4 38. Be1 Ke5 39. Bb4 f5 40. g3 f4+ 41. gxf4+ gxf4+ 42. Kf3 Kf5 43. b3 cxb3 44. axb3 Bc6+ 45. Kf2 Ke4 46. Ba5 h3 47. b4 Kd5 48. Kf3 Ke5+ 49. Kf2 Kxd6 50. Bb6 f3 51. Bc5+ Ke5 52. Bb6 Kd5 53. Kxf3 Kc4+ 0-1

[Event "Prestwick Airport Major"]
[Site "Prestwick"]
[Date "2011.05.15"]
[Round "4"]
[White "Connor, Michael"]
[Black "Glen, Hamish"]
[Result "1/2-1/2"]
[WhiteElo "1690"]
[BlackElo "1587"]
[PlyCount "111"]
[EventDate "2011.05.13"]
[EventType "swiss"]
[EventRounds "5"]
[EventCountry "SCO"]
[SourceTitle "EXT 2023"]
[Source "ChessBase"]
[SourceDate "2022.10.05"]
[SourceVersion "1"]
[SourceVersionDate "2022.10.05"]
[SourceQuality "1"]

1. d4 d5 2. c4 c6 3. g3 dxc4 4. Bg2 Nf6 5. Nc3 Bg4 6. Nf3 Nbd7 7. a4 e6 8. 0-0 Be7 9. e4 Bxf3 10. Bxf3 e5 11. d5 Nc5 12. Be3 Nb3 13. Rb1 Qc7 14. Qe2 Na5 15. Rfd1 0-0 16. Bg2 Rfe8 17. f4 exf4 18. gxf4 Nxd5 19. exd5 Bc5 20. Qg4 Bxe3+ 21. Kh1 Bxf4 22. dxc6 bxc6 23. Rd7 Qe5 24. Rf1 Rad8 25. Rxd8 Rxd8 26. Qxf4 Qxf4 27. Rxf4 Rd2 28. Bxc6 Nxc6 29. Rxc4 Rd6 30. b4 g6 31. b5 Ne5 32. Rc8+ Kg7 33. Ne4 Rd4 34. Nc5 Rc4 35. Rc7 Kh6 36. a5 Nd3 37. Na6 Ra4 38. Rxa7 Rxa5 39. b6 Ne5 40. b7 Nc6 41. Ra8 Ra1+ 42. Kg2 Ra2+ 43. Kf3 Rxh2 44. Rc8 Rb2 45. Rc7 Rb6 46. Nc5 Nd8 47. Rd7 Ne6 48. Ne4 Ng5+ 49. Nxg5 Kxg5 50. Rxf7 h5 51. Kg2 Kg4 52. Rg7 Rb2+ 53. Kf1 g5 54. Rc7 h4 55. Rc4+ Kh5 56. Rc7 1/2-1/2

[Event "BCF-chT2 1011 (4NCL) North"]
[Site "England"]
[Date "2011.03.27"]
[Round "8"]
[White "Edwards, Simon R"]
[Black "Connor, Michael"]
[Result "1-0"]
[WhiteElo "2007"]
[BlackElo "1858"]
[PlyCount "63"]
[EventDate "2010.11.06"]
[EventType "team-swiss"]
[EventRounds "9"]
[EventCountry "ENG"]
[SourceTitle "EXT 2012"]
[Source "ChessBase"]
[SourceDate "2011.11.24"]
[SourceVersion "1"]
[SourceVersionDate "2011.11.24"]
[SourceQuality "1"]

1. e4 Nf6 2. e5 Nd5 3. d4 d6 4. c4 Nb6 5. exd6 cxd6 6. Nc3 g6 7. Be3 Bg7 8. Rc1 Nc6 9. b3 0-0 10. d5 Ne5 11. Be2 f5 12. f4 Ng4 13. Bxg4 fxg4 14. Nge2 Re8 15. 0-0 e5 16. dxe6 Bxe6 17. Bd4 Bxd4+ 18. Nxd4 Bf5 19. Nxf5 gxf5 20. Qd3 Qf6 21. Nb5 Red8 22. Nd4 Rf8 23. Rfe1 Nd7 24. Nb5 Nc5 25. Qd5+ Kg7 26. Nc7 Rac8 27. Ne6+ Nxe6 28. Rxe6 Qb2 29. Rce1 Rf7 30. Re7 Rcf8 31. Qxf5 Qxa2 32. Qxg4+ 1-0

[Event "BCF-chT2 1011 (4NCL) North"]
[Site "England"]
[Date "2011.03.26"]
[Round "7"]
[White "Connor, Michael"]
[Black "Kane, Brendan"]
[Result "1-0"]
[WhiteElo "1858"]
[BlackElo "2010"]
[PlyCount "87"]
[EventDate "2010.11.06"]
[EventType "team-swiss"]
[EventRounds "9"]
[EventCountry "ENG"]
[SourceTitle "EXT 2012"]
[Source "ChessBase"]
[SourceDate "2011.11.24"]
[SourceVersion "1"]
[SourceVersionDate "2011.11.24"]
[SourceQuality "1"]

1. d4 Nf6 2. c4 e6 3. g3 d5 4. Bg2 c5 5. Nf3 Nc6 6. 0-0 Be7 7. Nc3 0-0 8. cxd5 exd5 9. dxc5 Bxc5 10. Bg5 Be7 11. Qd2 Be6 12. Rfd1 Qa5 13. e3 Rfd8 14. Nd4 Nxd4 15. exd4 h6 16. Nxd5 Qxd2 17. Nxe7+ Kf8 18. Bxd2 Kxe7 19. Bb4+ Kd7 20. d5 Bf5 21. Re1 Re8 22. d6 Ne4 23. g4 Bg6 24. f4 f5 25. Bxe4 fxe4 26. f5 Bf7 27. Rac1 Rac8 28. Rxc8 Kxc8 29. Rc1+ Kd8 30. Rc7 Bd5 31. Rxg7 Rg8 32. Rxg8+ Bxg8 33. a3 Kd7 34. Bd2 h5 35. h3 Kxd6 36. Kf2 hxg4 37. hxg4 Ke5 38. Ke3 Bh7 39. Bc3+ Kd5 40. Kf4 b5 41. g5 Bg8 42. g6 a6 43. f6 Ke6 44. Kxe4 1-0

[Event "Uxbridge op Major"]
[Site "Uxbridge"]
[Date "2010.03.20"]
[Round "2"]
[White "Connor, Michael"]
[Black "Booley, Graham"]
[Result "1/2-1/2"]
[WhiteElo "1826"]
[BlackElo "1906"]
[PlyCount "34"]
[EventDate "2010.03.19"]
[EventType "swiss"]
[EventRounds "5"]
[EventCountry "ENG"]
[SourceTitle "EXT 2012"]
[Source "ChessBase"]
[SourceDate "2011.11.24"]
[SourceVersion "1"]
[SourceVersionDate "2011.11.24"]
[SourceQuality "1"]

1. d4 d5 2. c4 e6 3. g3 Nf6 4. Bg2 c5 5. cxd5 exd5 6. Nf3 Nc6 7. 0-0 h6 8. Nc3 cxd4 9. Nxd4 Be7 10. b3 0-0 11. Bb2 Bc5 12. e3 Re8 13. Re1 Nxd4 14. exd4 Rxe1+ 15. Qxe1 Bxd4 16. Rd1 Bxc3 17. Bxc3 Be6 1/2-1/2

[Event "Uxbridge op Major"]
[Site "Uxbridge"]
[Date "2010.03.20"]
[Round "3"]
[White "Rahman, K Azizur"]
[Black "Connor, Michael"]
[Result "0-1"]
[WhiteElo "1970"]
[BlackElo "1826"]
[PlyCount "36"]
[EventDate "2010.03.19"]
[EventType "swiss"]
[EventRounds "5"]
[EventCountry "ENG"]
[SourceTitle "EXT 2012"]
[Source "ChessBase"]
[SourceDate "2011.11.24"]
[SourceVersion "1"]
[SourceVersionDate "2011.11.24"]
[SourceQuality "1"]

1. c4 Nf6 2. Nc3 d5 3. d4 g6 4. cxd5 Nxd5 5. e4 Nxc3 6. bxc3 Bg7 7. Bc4 c5 8. Ne2 0-0 9. 0-0 cxd4 10. cxd4 Nc6 11. Be3 Bg4 12. f3 Na5 13. Bxf7+ Rxf7 14. fxg4 Rxf1+ 15. Kxf1 Qc8 16. h3 Qc4 17. Qd2 Qa6 18. Kg1 Nb3 0-1